|
|
|
|
| LEADER |
00000nab a2200000 a 4500 |
| 001 |
vtls001496831 |
| 003 |
SK-MaSNL |
| 005 |
20260304212103.0 |
| 008 |
050222c2004 xo mr|p|||||||000 b|slo |
| 015 |
|
|
|a SNBRB2005/02
|
| 038 |
|
|
|a SNKBUCL
|
| 040 |
|
|
|a SNKBUCL
|b slo
|c SNKBUCL
|e AACR2
|
| 041 |
0 |
|
|a slo
|
| 044 |
|
|
|a xo
|c SK
|
| 080 |
|
|
|a 284.1
|2 UDC-MRF-SK2
|
| 100 |
1 |
|
|a Valčo, Michal,
|d 1976-
|4 aut
|9 206777
|
| 245 |
1 |
0 |
|a Reformácia - nepohodlná myšlienka
|c Michal Valčo
|
| 500 |
|
|
|a Publikované aj v časopise Tvorba T. - Roč. XIV (XXIII), č. 3 (2004), s. 25-26
|
| 610 |
2 |
7 |
|a Evanjelická cirkev a.v.
|2 snkbucl
|9 32425
|
| 650 |
0 |
7 |
|a reformácia
|2 snkbucl
|9 247352
|
| 773 |
0 |
|
|t Cestou svetla
|g Roč. XV., č. 10 (2004), s. 2-3
|
| 852 |
|
|
|a SNK
|b KIS3GCP
|
| 999 |
|
|
|c 3129913
|d 3131843
|